000 00865nam a22002897a 4500
001 9075
003 FISKH
005 20251118163311.0
008 251118b cb ||||| |||| 00| 0 eng d
020 _a9780736828888
040 _aFISKH
_beng
_cFISKH
_dFISKH
050 _aTA149.B38
082 _a624
100 _aBauer, David
245 _aPeople change the land /
_cBy David Bauer
260 _aMinnesota :
_bRed Brick Learning ,
_c2004.
300 _a16 pages :
_bcolor illustrations ;
_c20 cm .
490 _aYellow Umbrella Books (Soc Studies - Level B)
505 _aG
521 8 _a371
_bLexile estimate
521 8 _aG
_bRaz-Plus
650 _aCivil engineering
_vJuvenile Literature
650 _aLnad use
_vJuvenile Literature
700 _aLindeen, Mary
_eEditorial Dicrector
942 _2ddc
_cBK
_n0
999 _c9075
_d9075